| 000 | nam a22 a 4500 | ||
|---|---|---|---|
| 999 |
_c428291 _d428291 |
||
| 003 | BLK | ||
| 005 | 20210813091537.0 | ||
| 008 | 200315b bul|||||r ||||||| ||bul|| | ||
| 010 | _aKNG00156696RET | ||
| 040 | _aBLK | ||
| 041 |
_aRUS _cRUS |
||
| 080 |
_aРуска литература _b821.161.1 _z821.161-1-31 _x-31 |
||
| 100 |
_aУида _eпърви автор _9462314 |
||
| 139 | _aУида | ||
| 245 | 1 | 0 |
_aВ Маремме _bРоман _cУида |
| 260 |
_aСанкт-Петербург _bтип. В. В. Комарова _c1898 _9435488 |
||
| 300 |
_a264 с. _c22 см |
||
| 380 | _aX | ||
| 490 |
_9435080 _aКолекция Редки и ценни издания |
||
| 852 |
_aРр 898 _bРц |
||
| 942 |
_cKNG _n0 _s1 |
||
| 944 |
_aCR _c2021-08-13 _kРенета Константинова |
||